00378nam a2200133Ia 4500100002700000942000700027654001300034245003000047260002800077082001500105546001200120999001700132952009500149 aElliotte/Rusty Harold  cBK aComputer aJava Network programming bOreilly & Ass Incc1997 a005.13 (J) aENGLISH c32955d32955 001040708CRCaCRCEbCRCEd2023-03-17l0o005.13 (J) p10752r2023-03-17w2023-03-17yBK